[Event "Rheinhausen-ch 13th"]
[Site "Duisburg Rheinhausen"]
[Date "2009.03.13"]
[Round "6"]
[White "Heinert, Eugen"]
[Black "Klasmeier, Hartmut"]
[Result "1-0"]
[WhiteElo "1931"]
[BlackElo "1953"]
[PlyCount "73"]
[EventDate "2009.01.09"]
[EventType "swiss"]
[EventRounds "7"]
[EventCountry "GER"]
[SourceTitle "EXT 2018"]
[Source "ChessBase"]
[SourceDate "2017.10.13"]
[SourceVersion "1"]
[SourceVersionDate "2017.10.13"]
[SourceQuality "1"]

1. d4 Nf6 2. Nc3 d6 3. e4 g6 4. f3 Bg7 5. Be3 Nbd7 6. Qd2 c6 7. a4 Qa5 8. Rd1 0-0 9. Nge2 Re8 10. Nc1 e5 11. Nb3 Qc7 12. Be2 a6 13. dxe5 dxe5 14. a5 Bf8 15. Na4 Be7 16. Qc3 Bd6 17. 0-0 Nh5 18. Rd2 Nf4 19. Rfd1 Nxe2+ 20. Rxe2 Nf6 21. Nb6 Rb8 22. Nc4 Bf8 23. Bb6 Qe7 24. Nd6 Rd8 25. Bxd8 Qxd8 26. Qxe5 Be6 27. Red2 Nd7 28. Qg3 Qc7 29. Nf5 Qc8 30. Nfd4 Nc5 31. Nxc5 Bxc5 32. Kh1 Bxd4 33. Rxd4 Qe8 34. Qxb8 Qxb8 35. Rd8+ Qxd8 36. Rxd8+ Kg7 37. Rb8 1-0

[Event "Rheinhausen-ch 13th"]
[Site "Duisburg Rheinhausen"]
[Date "2009.02.27"]
[Round "5"]
[White "Klasmeier, Hartmut"]
[Black "Schnelle, Lukas"]
[Result "1/2-1/2"]
[WhiteElo "1953"]
[BlackElo "1844"]
[PlyCount "56"]
[EventDate "2009.01.09"]
[EventType "swiss"]
[EventRounds "7"]
[EventCountry "GER"]
[SourceTitle "EXT 2018"]
[Source "ChessBase"]
[SourceDate "2017.10.13"]
[SourceVersion "1"]
[SourceVersionDate "2017.10.13"]
[SourceQuality "1"]

1. Nc3 d5 2. e3 c5 3. d4 Nf6 4. g3 Nc6 5. Bg2 Bf5 6. a3 e6 7. Nge2 Be7 8. 0-0 0-0 9. dxc5 Bxc5 10. Na4 Be7 11. Nd4 Bg6 12. Nxc6 bxc6 13. c4 Rb8 14. b4 a5 15. bxa5 Qxa5 16. Bd2 Qa6 17. c5 Bd3 18. Re1 Bb5 19. Nc3 Bxc5 20. Nxb5 cxb5 21. Bf1 Qa4 22. Qb1 Ne4 23. Bb4 Rfc8 24. Bd3 f5 25. Qb2 Qa7 26. Qe5 Qd7 27. Bxe4 Bxb4 28. Bxf5 exf5 1/2-1/2

[Event "Rheinhausen-ch 13th"]
[Site "Duisburg Rheinhausen"]
[Date "2009.01.16"]
[Round "2"]
[White "Plueckelmann, Thomas"]
[Black "Klasmeier, Hartmut"]
[Result "0-1"]
[WhiteElo "1657"]
[BlackElo "1953"]
[PlyCount "120"]
[EventDate "2009.01.09"]
[EventType "swiss"]
[EventRounds "7"]
[EventCountry "GER"]
[SourceTitle "EXT 2018"]
[Source "ChessBase"]
[SourceDate "2017.10.13"]
[SourceVersion "1"]
[SourceVersionDate "2017.10.13"]
[SourceQuality "1"]

1. d4 Nf6 2. c4 g6 3. Nc3 Bg7 4. e4 d6 5. Nf3 0-0 6. Be2 Nbd7 7. 0-0 c6 8. h3 e5 9. d5 Qc7 10. Be3 Nc5 11. Qc2 cxd5 12. Nb5 Qe7 13. Bxc5 dxc5 14. cxd5 Nd7 15. Rac1 a6 16. Nc3 b5 17. a3 Qd6 18. g4 f6 19. Rcd1 Bh6 20. Nh4 Rf7 21. b3 Bg5 22. Ng2 Bh6 23. Nh4 Bf8 24. a4 b4 25. Nb1 a5 26. Nd2 Nb6 27. Nc4 Nxc4 28. Bxc4 Be7 29. Ng2 Kg7 30. f4 Bd7 31. f5 gxf5 32. gxf5 Rg8 33. Kh2 Kf8 34. Ne3 Rfg7 35. Rg1 Bd8 36. Qf2 Rxg1 37. Rxg1 Rxg1 38. Qxg1 Qe7 39. Ng4 Bc7 40. Qe3 Bd8 41. Qh6+ Qg7 42. Qh4 Be8 43. Nxe5 Bc7 44. Qf2 Bxe5+ 45. Kh1 Bd4 46. Qh2 Qe7 47. Qf4 Be5 48. Qf2 Bd6 49. Qh4 Qg7 50. Qg4 h5 51. Qxg7+ Kxg7 52. Kg2 h4 53. Be2 Kh6 54. Kf2 Bh5 55. Bc4 Kg5 56. Ke3 Bd1 57. Kd2 Bf3 58. Ke3 Bg2 59. Kf2 Bxh3 60. Ke3 Bg2 0-1